000 00666nam a2200193Ia 4500
003 GCL
008 140319s9999 xx 000 0 ara d
040 _aGCL /
_cGCL
082 0 4 _a398.21
_bم م
100 1 _aمحمد كامل عبدالصمد
245 1 0 _aمفاهيم وعادات غريبة ما زالت قائمة ج 2 /
_cمحمد كامل عبدالصمد
300 _aمتعدد
490 _aموسوعة غرائب المعتقدات والعادات
_v0
650 0 4 _aالعادات والتقاليد
650 0 4 _aالزواج
650 0 4 _aالمجتمعات البدائية
650 0 4 _aالقبائل الافريقية
942 _2ddc
_cBK
999 _c39343
_d39343